China, the developing world, and the new global dynamic / (Record no. 14013)
[ view plain ]
| 000 -LEADER | |
|---|---|
| fixed length control field | 00827nam a2200265 a 4500 |
| 001 - CONTROL NUMBER | |
| control field | ASIN1588267261 |
| 005 - DATE AND TIME OF LATEST TRANSACTION | |
| control field | 20170105102844.0 |
| 008 - FIXED-LENGTH DATA ELEMENTS--GENERAL INFORMATION | |
| fixed length control field | 130805s2010 xxu eng d |
| 020 ## - INTERNATIONAL STANDARD BOOK NUMBER | |
| International Standard Book Number | 1588267261 (paperback) |
| Terms of availability | $22.50 |
| 020 ## - INTERNATIONAL STANDARD BOOK NUMBER | |
| International Standard Book Number | 9781588267269 (paperback) |
| 040 ## - CATALOGING SOURCE | |
| Original cataloging agency | 0 |
| 050 04 - LIBRARY OF CONGRESS CALL NUMBER | |
| Classification number | HF1604.Z4 |
| 082 04 - DEWEY DECIMAL CLASSIFICATION NUMBER | |
| Classification number | 337.5101 |
| 245 10 - TITLE STATEMENT | |
| Title | China, the developing world, and the new global dynamic / |
| Statement of responsibility, etc. | Lowell Dittmer, George T. Yu. |
| 260 ## - PUBLICATION, DISTRIBUTION, ETC. | |
| Place of publication, distribution, etc. | [S.l.] : |
| Name of publisher, distributor, etc. | Lynne Rienner Pub, |
| Date of publication, distribution, etc. | 2010. |
| 300 ## - PHYSICAL DESCRIPTION | |
| Extent | 251 p. ; |
| Dimensions | 23 cm. |
| 650 #0 - SUBJECT ADDED ENTRY--TOPICAL TERM | |
| Topical term or geographic name entry element | China |
| 650 #0 - SUBJECT ADDED ENTRY--TOPICAL TERM | |
| Topical term or geographic name entry element | Developing countries |
| 650 #0 - SUBJECT ADDED ENTRY--TOPICAL TERM | |
| Topical term or geographic name entry element | Globalization |
| 650 #0 - SUBJECT ADDED ENTRY--TOPICAL TERM | |
| Topical term or geographic name entry element | International economic relations |
| 700 1# - ADDED ENTRY--PERSONAL NAME | |
| Personal name | Dittmer, Lowell. |
| 700 1# - ADDED ENTRY--PERSONAL NAME | |
| Personal name | Yu, George T. |
| 856 40 - ELECTRONIC LOCATION AND ACCESS | |
| Materials specified | Amazon.com |
| Uniform Resource Identifier | <a href="http://www.amazon.com/exec/obidos/ASIN/1588267261/chopaconline-20">http://www.amazon.com/exec/obidos/ASIN/1588267261/chopaconline-20</a> |
| 942 ## - ADDED ENTRY ELEMENTS (KOHA) | |
| Source of classification or shelving scheme | |
| Koha item type | Book |
| Withdrawn status | Lost status | Damaged status | Not for loan | Collection code | Permanent Location | Current Location | Shelving location | Date acquired | Total Checkouts | Full call number | Barcode | Date last seen | Price effective from | Koha item type |
|---|---|---|---|---|---|---|---|---|---|---|---|---|---|---|
| Centre for International Peace & Stability (CIPS) | Centre for International Peace & Stability (CIPS) | General Stacks | 08/05/2013 | 337.5101 CHI 2012 | CIPS0000453 | 08/05/2013 | 01/05/2017 | Book |
